000 00556nam a2200193Ia 4500
005 20250326143458.0
008 250326s9999 xx 000 0 und d
020 _a81-7629-674-0
037 _aTextbook
040 _aFMSL
_beng
_cFMSL
041 _aeng
_2eng
084 _aD658(2:55) P5
_qFMSL
100 _aDoja M N
_9748080
245 0 _aFundamentals of computers & information tehnology
_cDoja M N
260 _aNew Delhi
_bNew Delhi, Nutech
_c2005
300 _axxii,412
942 _cTB
_hD658(2:55) P5
999 _c1299731
_d1299731